Bienvenue à la Médiathèque de Saint-Andiol
banniere
Accueil Recherche avancée Mon compte
handi1 Rechercher dans le catalogue

Filtre   Mots-clés
  Recherche avancée
 
Lister les dernières nouveautés
 
Lister les livres GROS CARACTERES
 
Lister les périodiques (magazines)

handi1 House of cards

<< Retourner aux résultats de la recherche
Book Cover
Auteur principal : Tucker Gates
Autres auteurs : Robin Wright Tom Shankland
Autres auteurs : Beau Willimon Andrew Davies Michael Dobbs Laura Eason Jeff Beal Kevin Spacey Michael Kelly Nathan Darrow Mahershalalhashbaz Ali Molly Parker
Titre : House of cards
Support :
Langue : Francais
Publié : 2016 Sony Pictures Home Entertainment Suresnes
Genre : Série télévisée
Sujets :
Étiquettes :
Pas de tags
LEADER 01529nlm0a2200337 450
001 16867050
100 |a 20160606d2016 u u0frey01 ba 
101 1 |a fre  |c fre 
102 |a US 
200 0 |a House of cards  |f Tucker Gates, Robin Wright, Tom Shankland, réal.  |g Beau Willimon, aut. adapt. - Andrew Davies, Michael Dobbs, Laura Eason, scénario - Jeff Beal, comp. - Kevin Spacey, Robin Wright, Michael Kelly, Nathan Darrow, Mahershalalhashbaz Ali, Molly Parker, ... [et al.] act. 
207 1 |a   
210 |a Suresnes  |c Sony Pictures Home Entertainment  |d 2016 
215 |a 4 DVD 2 couches sur une simple face (11 h 16 mn)  |c 16/9 compatible 4/3, coul., (PAL), Son. (Dolby Digital 5.1) 
300 |a Droit de prêt et consultation 
330 |a Complots, trahisons, manipulations : une quatrième saison toujours plus passionnante et impitoyable sur les arcanes de la politique américaine, doublée d'un thriller haletant... 
700 0 |a Gates  |b Tucker  |4 370 
701 0 |a Wright  |b Robin  |4 370 
701 0 |a Shankland  |b Tom  |4 370 
702 0 |a Willimon  |b Beau  |4 100 
702 0 |a Davies  |b Andrew  |4 690 
702 0 |a Dobbs  |b Michael  |4 690 
702 0 |a Eason  |b Laura  |4 690 
702 0 |a Beal  |b Jeff  |4 230 
702 0 |a Spacey  |b Kevin  |4 5 
702 0 |a Kelly  |b Michael  |4 5 
702 0 |a Darrow  |b Nathan  |4 5 
702 0 |a Ali  |b Mahershalalhashbaz  |4 5 
702 0 |a Parker  |b Molly  |4 5 
900 |a Série télévisée 
901 |a Adultes 
995 |a Médiathèque  |c Médiathèque  |f 00156010575751  |h 00156010575751  |k S HOU 4  |o p  |q a  |r gf  |e Médiathèque